| 000 | 01204nam a22002657a 4500 | ||
|---|---|---|---|
| 001 | 00260 | ||
| 003 | DO-SdBPM | ||
| 005 | 20250321105951.0 | ||
| 008 | 151216b2001 sp ||| 00| 0 spa d | ||
| 020 | _a8448016386 | ||
| 040 |
_aDO-SdBPM _bspa _cBPMSU |
||
| 082 | 4 |
_a808.83 _bD948f 2001 _222 |
|
| 100 | 1 | _aDurán, Teresa | |
| 245 | 1 | 0 |
_aFabúlame una fábula : _brecopilación de fábulas de Esopo, Samaniego y otros autores / _cadaptación de Teresa Durán ; ilustraciones de María Espluga ; traducción, Elena Éroles. |
| 260 |
_aBarcelona : _bGrupo Editorial Ceac ; _bTimun mas, _c2001 |
||
| 300 |
_a93 p. : _bil. ; _c28 cm. |
||
| 505 | 0 |
_aLa tortuga y la liebre --
La lechera --
La comadre zorra y el cuervo --
La zorra y las uvas. _tLa cigarra y la hormiga -- _tLa gallina de los huevos de oro -- _tPedro y el lobo -- _tLa lechera -- _tLa comadre zorra y el cuervo -- _tLa Zorra y las uvas. _tLa cigarra y la hormiga -- |
|
| 590 | _aInventariado 2025/VM | ||
| 650 | 4 |
_aFábulas _vColecciones |
|
| 650 | 4 |
_aAnimales _vFábulas |
|
| 700 | 1 |
_aEroles, Elena, _etraductor |
|
| 700 | 1 |
_aEspluga, María, _eilustradora |
|
| 910 | _aLPérez /VMateo V. Control de calidad. BPMSU | ||
| 942 |
_2ddc _cBK |
||
| 999 |
_c9127 _d9127 |
||